000 00571nam a2200217Ia 4500
999 _c42883
_d42883
001 9592
003 GE_BSU
005 20221116142134.0
008 181216s2014en xx |||||||||||||| ||eng||
020 _a9780486607559
040 _cGE_BSU
041 _aemg
080 _a621H-31
100 _aHartog,Den,J.P.
_915853
245 _aStrength of materials /
_cDen,J.P. Hartog
264 _aNew York :
_bINC,
_c2014.
300 _a323 p.:
_b20 cm.
653 _aStrength of materials
653 _a მასალების სიმტკიცე
942 _cBK
_2udc